Normal view
MARC view
- الندوات العلمية في مجمع اللغة العربية الأردني
Entry Meeting Name
001 - CONTROL NUMBER
- control field: 65181
003 - CONTROL NUMBER IDENTIFIER
- control field: JO-AjAnu
005 - DATE AND TIME OF LATEST TRANSACTION
- control field: 20240330124556.0
008 - FIXED-LENGTH DATA ELEMENTS
- fixed length control field: 240330|| aca||aabn | a|a d
040 ## - CATALOGING SOURCE
- Original cataloging agency: JO-AjAnu
111 ## - HEADING--MEETING NAME
- Meeting name or jurisdiction name as entry element: الندوات العلمية في مجمع اللغة العربية الأردني